Les vainqueurs de coupe de Belgique - Statistiques

Statistiques générales
  • Ce quiz a été pris 154 fois
  • Le résultat moyen est 10 sur 23
Statistiques - réponses
Hint Réponse % Correct
11 Club de Bruges
97%
9 Anderlecht
95%
8 Standard de Liège
88%
5 Genk
86%
4 Gand
71%
4 Anvers
67%
2 Union Saint-Gilloise
63%
2 Malines
59%
1 RFC Liège
49%
2 Cercle de bruges
48%
2 Zulte Waregem
42%
2 Lierse
31%
2 Lokeren
30%
2 Waasland beveren
29%
1 RAA Louvière
23%
1 Westerlo
23%
1 Daring club Bruxelles
18%
1 Royal Racing Club Bruxelles
18%
1 RRC Tournaisien
13%
1 SV Waregem
10%
2 Beerschoot atletic
7%
2 Germinal Beerschoot
7%
2 Waterschei
5%
Aucun quiz correspondant
Distribution des résultats
% des personnes avec chaque résultat
Percentile par nombre de réponses
Votre historique - résultats
Vous n’avez pas pris ce quiz